Loading...
| Fine Arts - Other | 0 | 3 | 0 | 0 | 30 | 23 | 75.00 | 1 | 2 | 8.95 | 17.50 |
| Fine Arts - Classical Music | 0 | 3 | 1 | 1 | 25 | 106 | 116.00 | 0 | 1 | 0.82 | 7.50 |
| History - European | 0 | 1 | 0 | 0 | 10 | 106 | 106.00 | 0 | 0 | 0.00 | 2.50 |
| Science - Physics | 0 | 1 | 0 | 1 | 10 | 105 | 105.00 | 0 | 1 | 0.00 | 2.50 |
| History - American | 0 | 1 | 0 | 0 | 10 | 40 | 40.00 | 1 | 1 | 6.33 | 7.50 |
| Religion | 0 | 1 | 0 | 1 | 10 | 128 | 128.00 | 0 | 1 | 0.66 | 2.50 |
| Science - Biology | 0 | 1 | 0 | 0 | 10 | 73 | 73.00 | 0 | 1 | 3.11 | 7.50 |
| Literature - World | 0 | 1 | 0 | 0 | 10 | 64 | 64.00 | 1 | 1 | 3.96 | 10.00 |
| Mythology | 0 | 1 | 0 | 0 | 10 | 112 | 112.00 | 0 | 1 | 0.26 | 5.00 |
| Popular Culture | 0 | 1 | 0 | 0 | 10 | 13 | 13.00 | 1 | 1 | 14.77 | 12.50 |
| Literature - American | 0 | 1 | 1 | 0 | 5 | 110 | 110.00 | 0 | 1 | 0.27 | 5.00 |
| Literature - British | 0 | 0 | 0 | 0 | 0 | 0.00 | 0 | 0 | 0.00 | 0.00 |